Commissioning and testing (Record no. 93911)
[ view plain ]
| 000 -LEADER | |
|---|---|
| fixed length control field | 00760cam a2200265 4500 |
| 001 - CONTROL NUMBER | |
| control field | J3871 |
| 008 - FIXED-LENGTH DATA ELEMENTS--GENERAL INFORMATION | |
| fixed length control field | 970403e1996 xxk f 000 0 eng d |
| 035 ## - SYSTEM CONTROL NUMBER | |
| System control number | (Sirsi) u57198 |
| 041 0# - LANGUAGE CODE | |
| Language code of text/sound track or separate title | eng |
| 050 04 - LIBRARY OF CONGRESS CALL NUMBER | |
| Classification number | 692.8 $2 18 |
| 110 2# - MAIN ENTRY--CORPORATE NAME | |
| Corporate name or jurisdiction name as entry element | National Joint Consultative Committee for Building |
| 9 (RLIN) | 994 |
| 245 00 - TITLE STATEMENT | |
| Title | Commissioning and testing |
| 250 ## - EDITION STATEMENT | |
| Edition statement | 2nd ed. |
| 260 ## - PUBLICATION, DISTRIBUTION, ETC. | |
| Place of publication, distribution, etc. | London |
| Name of publisher, distributor, etc. | NJCC |
| Date of publication, distribution, etc. | 1996 |
| 300 ## - PHYSICAL DESCRIPTION | |
| Extent | 4p. |
| Dimensions | 30cm |
| 350 ## - PRICE (NR) (BK AM CF MU VM SE) [OBSOLETE] | |
| Price | 2 |
| 490 ## - SERIES STATEMENT | |
| Series statement | NJCC Procedure Note |
| Volume/sequential designation | (15) |
| 651 #4 - SUBJECT ADDED ENTRY--GEOGRAPHIC NAME | |
| Geographic name | United Kingdom |
| 690 ## - LOCAL SUBJECT ADDED ENTRY--TOPICAL TERM (OCLC, RLIN) | |
| Topical term or geographic name as entry element | Building control |
| 9 (RLIN) | 6222 |
| 710 ## - ADDED ENTRY--CORPORATE NAME | |
| 9 (RLIN) | 2527 |
| Corporate name or jurisdiction name as entry element | Royal Institute of British Architects |
| 710 ## - ADDED ENTRY--CORPORATE NAME | |
| 9 (RLIN) | 1225 |
| Corporate name or jurisdiction name as entry element | Association of Consulting Engineers |
| 710 ## - ADDED ENTRY--CORPORATE NAME | |
| 9 (RLIN) | 4900 |
| Corporate name or jurisdiction name as entry element | Royal Institution of Chartered Surveyors |
| 942 ## - ADDED ENTRY ELEMENTS (KOHA) | |
| Suppress in OPAC | 0 |
| 948 ## - LOCAL PROCESSING INFORMATION (OCLC); SERIES PART DESIGNATOR (RLIN) | |
| c (OCLC) | 04/03/1997 |
| Withdrawn status | Lost status | Source of classification or shelving scheme | Damaged status | Not for loan | Home library | Current library | Shelving location | Date acquired | Cost, normal purchase price | Total Checkouts | Full call number | Barcode | Date last seen | Date last checked out | Copy number | Cost, replacement price | Price effective from | Koha item type |
|---|---|---|---|---|---|---|---|---|---|---|---|---|---|---|---|---|---|---|
| Dewey Decimal Classification | Archives | Archives | RICS Boxes | 03/09/1996 | 2.00 | 1 | RICS 1996/122 | 30050243 | 09/01/2024 | 06/06/2008 | 1 | 2.00 | 06/08/2019 | Book |